Music Quiz

Random Music or Billboard Quiz

'Good' Song Titles Quiz Stats

Quiz Updated Sep 8, 2015

Challenge
Share
Tweet
Embed
Score 0/30 Timer 06:00
7 Plays Today
% Correct
Young
97.8%
Golly
92.4%
Vibrations
91.2%
Baby
88.8%
Something
82.7%
Me
80.6%
No
80.3%
Back
74.6%
Girls
72.1%
Year
71.8%
Blues
71.1%
Sunshine
70.6%
Roll
70.1%
Feels
68.9%
Feel
67%
% Correct
Riddance
66.9%
Hurts
66.2%
Life
64.4%
Life
63.7%
Time
58%
Charm
56.9%
People
56.1%
Enough
53.5%
Starshine
52%
Love
47%
Hella
46.7%
Times
44.9%
Lovin'
43%
Thing
35.1%
Way
30.5%

You're not logged in!

Compare scores with friends on all Sporcle quizzes.
Sign Up with Email
OR
Log In

You Might Also Like...

Show Comments

Extras

Top Quizzes Today


Score Distribution

Your Account Isn't Verified!

In order to create a playlist on Sporcle, you need to verify the email address you used during registration. Go to your Sporcle Settings to finish the process.